Smart governance v miestnej samospráve - vládnutie s rozumom /

Uložené v:
Podrobná bibliografia
Hlavní autori: Vitálišová, Katarína (Author), Vaňová, Anna, 1965- (Author), Sýkorová, Katarína (Author), Rojíková, Darina (Author), Borseková, Kamila (Author), Laco, Peter, 1975- (Author)
Médium: Kniha
Jazyk:Slovak
Vydané: Banská Bystrica : Belianum - Vydavateľstvo Univerzity Mateja Bela, 2022.
Vydanie:Prvé vydanie
Edícia:Ekonomická univerzita
Témy:
ISBN: 9788055720296
Fyzický popis: 231 strán : grafy, tabuľky ; 21 cm.
Tagy: Pridať tag
Žiadne tagy, Buďte prvý kto otaguje tento záznam!

MARC

LEADER 00000nam a2200000 i 4500
001 000693179
005 20230502134257.0
008 230222s2022 xo dl e 000 0 slo d
020 |a 9788055720296  |q (brožované) 
040 |a SVKKK  |b slo  |c SVKKK  |e rda 
041 0 |a slo  |b eng 
043 |a e-xo--- 
044 |a xo  |c SK 
072 7 |a 352/354  |x Stupne miestnej, oblastnej a ústrednej správy  |2 konspekt 
080 |a 352  |2 2011 
080 |a 334.012.33  |2 2011 
080 |a 35:32  |2 2011 
080 |a 321.01-021.471  |2 2011 
080 |a (437.6)  |2 2011 
080 |a (048.8)  |2 2011 
100 1 |a Vitálišová, Katarína  |4 aut 
245 1 0 |a Smart governance v miestnej samospráve - vládnutie s rozumom /  |c Katarína Vitálišová, Anna Vaňová, Katarína Sýkorová, Darina Rojíková, Kamila Borseková, Peter Laco. 
246 3 |i Názov z tiráže:  |a Smart governance v miestnej samospráve :  |b vládnutie s rozumom 
250 |a Prvé vydanie 
264 1 |a Banská Bystrica :  |b Belianum - Vydavateľstvo Univerzity Mateja Bela,  |c 2022. 
300 |a 231 strán :  |b grafy, tabuľky ;  |c 21 cm. 
336 |a text  |b txt  |2 rdacontent 
337 |a bez média  |b n  |2 rdamedia 
338 |a zväzok  |b nc  |2 rdacarrier 
366 |e 100 kusov 
490 1 |a Ekonomická univerzita 
504 |a Bibliografia na strane 172-206 
546 |a Anglické resumé 
650 0 7 |a miestna správa  |2 SVKKKPH 
650 0 7 |a verejný sektor  |2 SVKKKPH 
650 0 7 |a verejná politika  |2 SVKKKPH 
650 0 7 |a vládnutie  |2 SVKKKPH 
650 0 7 |a local government  |2 SVKKKPHeng 
650 0 7 |a public sector  |2 SVKKKPHeng 
650 0 7 |a public policy  |2 SVKKKPHeng 
650 0 7 |a governance  |2 SVKKKPHeng 
651 7 |a Slovensko  |2 SVKKKPH 
651 7 |a Slovakia  |2 SVKKKPHeng 
655 7 |a monografie  |2 SVKKKPH 
655 7 |a monographs  |2 SVKKKPHeng 
700 1 |a Vaňová, Anna,  |d 1965-  |4 aut 
700 1 |a Sýkorová, Katarína  |4 aut 
700 1 |a Rojíková, Darina  |4 aut 
700 1 |a Borseková, Kamila  |4 aut 
700 1 |a Laco, Peter,  |d 1975-  |4 aut 
810 2 |a Univerzita Mateja Bela v Banskej Bystrici (Banská Bystrica, Slovensko)  |t Ekonomická univerzita 
910 |a svkkk 
919 |a 978-80-557-2029-6 
998 |a BK 
090 |g SCKHL  |k Sklad Hlavná 10 prízemie  |a III.254529  |j 1122475  |i 2720993427  |s Povinný výt.